000 00249nam a2200109Ia 4500
008 240625s9999 xx 000 0 und d
041 _aeng
082 _a658 AND
100 _aANDERSON
245 _aINTRODUCTION TO MANAGEMENT SCIENCE
260 _c2007
999 _c35075
_d35075